000 00267cam a2200121ua 4500
082 _a612.65
_bTUR/KN
100 _aTur, A .
_91751
245 0 0 _aKnow Your Child /
250 _a1 /
260 _aMoscow :
_bPeace Publishers ,
_c1964.
300 _a264 ; .
942 _cBK
999 _c747
_d747